000 00623nam a2200229Ia 4500
003 OSt
005 20220918203058.0
006 a|||||r|||| 00| 0
007 ta
008 220917b |||||||| |||| 00| 0 eng d
024 _a105,873
037 _cTextual
040 _aARTS
_cARTS
_beng
041 _2eng
_aeng
082 _aV3:24:M9, K4
100 _aStansky Peter
_9106700
245 0 _aAmbitions and strategies
_b the struggle for the leadership of liberal party in the 1890s
260 _c1964
650 _aHISTORY
942 _hV3:24:M9, K4
_cTEXL
_2CC
999 _c229231
_d229231